01630nam a22001937a 4500040000800000082002900008100001900037245052000056260002600576300002200602856001300624942000800637999001300645952015400658952015600812952015400968952015401122952016001276 cRUA aAGR CHI 1998 B020 Or.1 aCHIN, SONEATH. aការបំផ្លាញនិងវិធានការកំចាត់ខ្មូតឡាស្យូឌែមម៉ាស៊េរីខន លើសន្លឹកថ្នាំស្ងួត ស្តុកក្នុងឃ្លាំងរបស់ក្រុមហ៊ុនថ្នាំជក់ អង់គ្លេស-អាមេរិក (the damage and control measures of lasioderma serricorne on dried leaves of tobacco storing in the warehouse of british american tovacco company)o aPhnom PenhbRUAc1998 a57p.bill.c29cm. uSON CHIN cAGR c385d385 00102ddc406AGR_CHI_1998_000000000000000_B020_OR_17091786aLBBbLBBd2015-09-13oAGR CHI 1998 B020 Or.1pRUA004090r2015-09-13w2015-09-13yAGR 00102ddc406AGR_CHI_1998_000000000000000_B020_OR_127091787aLBBbLBBd2015-09-13oAGR CHI 1998 B020 Or.12pRUA004058r2015-09-13w2015-09-13yAGR 00102ddc406AGR_CHI_1998_000000000000000_B020_OR_37091788aLBBbLBBd2015-09-13oAGR CHI 1998 B020 Or.3pRUA005111r2015-09-13w2015-09-13yAGR 00102ddc406AGR_CHI_1998_000000000000000_B020_OR_47091789aLBBbLBBd2015-09-13oAGR CHI 1998 B020 Or.4pRUA004086r2015-09-13w2015-09-13yAGR 00102ddc406AGR_CHI_1998_000000000000000_B020_OR_57095801aLBBbLBBcB020d2015-09-27oAGR CHI 1998 B020 Or.5pRUA008883r2015-09-27w2015-09-27yAGR